000
00321nam a2200109 a 4500
005
20140408090024.0
008
021121s19uu xx 00 eng d
050
_a
PGS '00
_b
CRU #33
100
_a
Cruz, Sunshine Gervasio
245
_a
The Effect of television on the study period of grade 5 students at home.
942
_c
PASS
999
_c
96311
_d
96311